MDQL
is popping MORE tags! Check the
thread
!
Quizzes
Events
Quiz Creation
Community
Videos
Private Events
Remove Ads
Sign In
Join for FREE
Feedback
Dark Mode
Quiz Categories
Sports
Geography
Music
Movies
Television
Just For Fun
Miscellaneous
History
Literature
Language
Science
Gaming
Entertainment
Religion
Holiday
For Kids
Quiz Lab
Recent
Popular Today
Quiz Kudos Today
Editor Picks
Curator Picks
Quizzes by...
Day
Popularity
Type
Ratings
Length
Year
Community
Subscriptions
Recent Discussions
Orange Saloon
Badges
Playlists
Quests
Create
Leaderboards
Showdown
Live 5
Trivia Bingo
Activity
Puzzle Library
Sporcle Events
Private Events
Virtual Trivia
Globe League
Become a Host
Pub Owners
SporcleCon
Opinionation
Our Games
Videos
Blog
Mobile Apps
Partnerships
Remove Ads and Go Orange
Feedback
Gaming
Video Games
Board Games
Card Games
Pokémon
Mario
Nintendo
Minecraft
Console
Toys
Legend of Zelda
Gaming
Video Games
Board Games
Card Games
Pokémon
Mario
Nintendo
Minecraft
Console
Toys
Legend of Zelda
Random Quiz
Search Sporcle
×
Quiz Lab
Quiz Lab
Gaming
Mario
Type in answers that appear in a list
Type in answers that appear in a list
Classic
Best Score? Go Orange.
Super Mario Galaxy 2 Bosses Stats
Can you name the Super Mario Galaxy 2 Bosses?
By
yoshigod9753
3m
22 Questions
356 Plays
356 Plays
356 Plays
Comments
Comments
Give Quiz Kudos
Give Quiz Kudos
-
- Ratings
hide this ad
Forced Order
Answers have to be entered in order
Answers have to be entered in order
Replay
Link that replays current quiz
Next Quiz
Link to next quiz in quiz playlist
You Got
0%
They Got
Avg Score
54%
Avg Friend Score
Upgrade to see
Score Distribution
Jump to the score distribution portion of the page
Score
0/22
Timer
03:00
0
Plays Today
Galaxy
Answer
% Correct
Sky station galaxy
Peewee Piranha
81.5%
Bowser Jr's fiery flotilla
Gobblegut
78.7%
Spin Dig Galaxy
Digga-Leg
78.1%
Bowser's Lava Lair
Bowser
76.7%
Bowser's Gravity Gauntlet
Bowser
70.8%
Puzzle Plank Galaxy
Bugaboom
66.3%
Yoshi Star Galaxy
Giga Lakitu
64.9%
Bowser Jr's Fearsome Fleet
Megahammer
62.6%
Freezy Flake Galaxy
Sorbetti
59.8%
Boulder Bowl Galaxy
Rollodillo
58.4%
Slipsand Galaxy
Squizzard
56.5%
Galaxy
Answer
% Correct
Bowser's Galaxy Generator
Bowser
52.5%
Flipsville Galaxy
Glamdozer
50.8%
Shiverburn Galaxy
Prince Pikante
50.3%
Throwback Galaxy
Whomp King
48.3%
Boss Blitz Galaxy
Dino Piranha
41.6%
Boss Blitz Galaxy
King Kaliente
36%
Bowser Jr's Boomsday Bunker
Bowser Jr's Boomsday Machine
35.4%
Boss Blitz Galaxy
Bouldergeist
34.6%
Boss Blitz Galaxy
Major Burrows
33.4%
Battle Belt Galaxy
Fire Gobblegut
31.7%
Boss Blitz Galaxy
Fiery Dino Piranha
29.5%
Quiz Playlist
Details
Report
Send in Message
Add To Playlist
Classic:
Type in answers that appear in a list
Forced Order:
Answers have to be entered in order
Last Updated: Feb 16, 2017
Quiz Scoreboard
CHALLENGE
Sign Up to Join the Scoreboard
Show All
Scores
Hide
Comments
May contain spoilers
Recently Published
Find the 'City' Movie
by crazypaving
Movies
60s
5x2 Blitz: Bands
by SL_Kpop136
Music
30s
Colored Red Africa Blitz
by spor1
Geography
30s
More to Explore
Quiz From the Vault
Featured Blog Post
14 Easter Pick-up Lines to Find Eggs With
hide this ad
You Might Also Like...
Tags
Mario Quiz
boss
Extra
Galaxy
Today's Top Quizzes in Gaming
Browse Gaming
hide this ad
Today's Top Quizzes in Mario
Browse Mario
Top Contributed Quizzes in Gaming
1
Genshin murder mystery
2
Dead By Daylight Logic Puzzle
3
Destiny 2 exotic weapons by perk icons
4
League of Legends Pro Players by Career/Team History
5
Genshin Impact Logic Puzzle
6
Overwatch 2: Ultimate Ability Icons
7
Genshin Impact Logic Puzzle Quiz II
8
Overwatch Logic Puzzle
9
Who's on the WWE 2K24 Cover?
10
5-to-1: Legend of Zelda
Explore More
Trending Topics
Kpop
Crossword
Disney
Harry Potter
Anime
Marvel
NBA
Puzzle
Song
Pokémon
The Office
WWE
Soccer
NFL
Country
hide this ad
More By:
yoshigod9753
Quiz
Plays
Rating
Category
Featured
Created
Plants VS Zombies
931
2.58
Gaming
Jun 15, 2010
Hard Guitar Hero songs
606
1.80
Gaming
Jun 24, 2010
Super Mario Galaxy 2 Bosses
356
Gaming
Jul 4, 2010
Alphabet Pokemon
228
1.33
Gaming
Jun 24, 2010
Nintendo Power Mario Games
169
3.00
Gaming
Jun 24, 2010
Go to Creator's Profile
Score Distribution
Quiz Creator Spotlight
yoshigod9753
Follow
Send a Message
Quizzes Created
-
Created Quiz Play Count
-
More By This Creator
Popular Quizzes Today
1
Colored Red Africa Blitz
2
Find the 'City' Movie
3
Find the US States - No Outlines Minefield
4
5x2 Blitz: Bands
5
The Countries of the World
6
Find the US States
7
Find the Countries of Europe - No Outlines Minefield
8
US States
More Gaming Quizzes
Turtles in Time: Level Select
Quiz Lab
Trending Quizzes
Colored Red Europe Blitz I
Colored Red Europe Blitz II
Colored Red Africa Blitz II
Colored Red Europe Blitz III
Colored Red Africa Blitz III
Recently Updated
How Do You Spell That?
pecheneg
Godzilla Movies
pecheneg
Grab Bag: 4-10 Letters
pecheneg
2024 March Madness Bracket
pecheneg
Famous TV Couples
Peacemaker
Champions League XIs: Real Madrid
pecheneg
Largest US Cities 1790-2010
pecheneg
Rides in Walt Disney World
pecheneg
Most Oscar Losses (Acting)
pecheneg
Beyoncé Albums
pecheneg
Trending Topics
NBA
Kpop
Harry Potter
Disney
Crossword
Marvel
Anime
Country
Song
Puzzle
NFL
Pokémon
Soccer
The Office
WWE
Your Account Isn't Verified!
In order to create a playlist on Sporcle, you need to verify the email address you used during registration. Go to your
Sporcle Settings
to finish the process.
Report this User
Report this user for behavior that violates our
Community Guidelines
.
Details:
Send Report
Go to the Sporcle.com Mobile Site →
Comments